Closest Countries to Turkey Quiz Stats

 Plays Quiz not verified by Sporcle

Also try: 'K' in Asia
Challenge
Share
Tweet
Embed
Score 0/30 Timer 10:00
0 Plays Today
Hint Answer % Correct
(Border)Greece
96%
(Border)Bulgaria
96%
(Border)Iran
96%
(Border)Iraq
94.7%
(Border)Syria
94.7%
205 kmRussia
93.3%
(Border)Georgia
92%
(Border)Armenia
92%
87 kmCyprus
92%
211 kmRomania
92%
281 kmMacedonia
89.3%
301 kmIsrael
89.3%
368 kmUkraine
89.3%
664 kmItaly
89.3%
(Border)Azerbaijan
88%
Hint Answer % Correct
468 kmAlbania
88%
336 kmSerbia
86.7%
564 kmEgypt
86.7%
396 kmMoldova
85.3%
533 kmSaudi Arabia
85.3%
353 kmJordan
84%
613 kmBosnia and Herzegovina
84%
669 kmCroatia
84%
150 kmUK
83.8%
383 kmPalestine
82.7%
511 kmMontenegro
82.7%
142 kmLebanon
81.3%
392 kmKosovo
80%
659 kmHungary
78.7%
627 kmLibya
73.3%

You're not logged in!

Compare scores with friends on all Sporcle quizzes.
OR
Log In

You Might Also Like...

Show Comments

Extras

Top Quizzes Today


Score Distribution

Your Account Isn't Verified!

In order to create a playlist on Sporcle, you need to verify the email address you used during registration. Go to your Sporcle Settings to finish the process.

Report this User

Report this user for behavior that violates our Community Guidelines.

Details: